01575nam a2200157 a 4500001000400000003000900004008004100013040002800054082001600082100002200098245013900120260004800259300001100307505108300318650001601401401CO-ViMGA141112s2004 ck r 000 u spa d aCO-ViMGAbspacCO-ViMGA04a616.89 K1651 aKaplan, Harold I.10aSinopsis de psiquiatría : bciencias de la conducta, psiquiatría clínica / cKaplan Harold I , Sadock Benjamin J , Grabb Jack A  aBarcelona : bMedica PanAméricana, c1966 a1272 p aEl desarrollo humano a lo largo del ciclo vital La adolescencia; La adultez; La edad adulta tardía; Tanatología : La muerte y el duelo 66 - - El cerebro y la conducta Neuroanatomía; Imágenes del cerebro; Genética de la conducta Contribuciones de las ciencias psicosociales al comportamiento humano La teoría del vínculo; Antropología y psiquatría 104 - - Teorías de la personalidad y psicopatología Escuelas derivadas del psicoanálisis 246 - - Evaluación clínica del paciente psiquiátrico Evaluación medica en psiquatría 304 - - Delirium, demencia, amnesicos y otros transtornos cognitivos 374 - - Transtornos relacionados con sustancias Alcohol, anfetamina, cocaína, inhalantes, nicotina, opiáceos 464 - - Esquizofrenias 518 - - Transtornos del estado de ánimo 577 - - Transtornos de ansiedad 607 - - Transtornos disociativos 654 - - Transtornos de la personalidad 771 - - Psicoterapias hipnosis; Terapia conductual, bioretroacción 863 - - Terapias biológicas 920 - - Psiquiatría infantil 1036 - - Psiquiatría geriatríca 1193 14aPSIQUIATRIA